5HLuxD.jpg

KING HENRY VIII SENIOR AND PRIMARY SCHOOL LIBRARY OPAC

IGCSE first language English : (Record no. 3217)

000 -LEADER
fixed length control field 01187cam a2200337 a 4500
001 - CONTROL NUMBER
control field 16249200
003 - CONTROL NUMBER IDENTIFIER
control field OSt
005 - DATE AND TIME OF LATEST TRANSACTION
control field 20231107140528.0
008 - FIXED-LENGTH DATA ELEMENTS--GENERAL INFORMATION
fixed length control field 100524s2009 enkab 000 0 eng
010 ## - LIBRARY OF CONGRESS CONTROL NUMBER
LC control number 2010292556
015 ## - NATIONAL BIBLIOGRAPHY NUMBER
National bibliography number GBA991052
Source bnb
016 7# - NATIONAL BIBLIOGRAPHIC AGENCY CONTROL NUMBER
Record control number 015371337
Source Uk
020 ## - INTERNATIONAL STANDARD BOOK NUMBER
International Standard Book Number 9780521743594 (pbk.)
020 ## - INTERNATIONAL STANDARD BOOK NUMBER
International Standard Book Number 0521743591 (pbk.)
035 ## - SYSTEM CONTROL NUMBER
System control number (OCoLC)ocn437083066
040 ## - CATALOGING SOURCE
Original cataloging agency UKM
Transcribing agency UKM
Modifying agency DLC
-- KH8
042 ## - AUTHENTICATION CODE
Authentication code lccopycat
082 04 - DEWEY DECIMAL CLASSIFICATION NUMBER
Classification number 428.24 COX
Edition number 22
100 1# - MAIN ENTRY--PERSONAL NAME
Personal name Cox, Marian,
Dates associated with a name 1953-
Relator term author.
245 10 - TITLE STATEMENT
Title IGCSE first language English :
Name of part/section of a work Coursebook /
Statement of responsibility, etc. Marian Cox.
246 3# - VARYING FORM OF TITLE
Title proper/short title First language English coursebook
250 ## - EDITION STATEMENT
Edition statement 3rd ed.
260 ## - PUBLICATION, DISTRIBUTION, ETC.
Place of publication, distribution, etc. Cambridge ;
-- New York:
Name of publisher, distributor, etc. Cambridge University Press,
Date of publication, distribution, etc. c2010.
300 ## - PHYSICAL DESCRIPTION
Extent viii, 153 p. :
Other physical details ill. (some col.), maps (some col.) ;
Dimensions 28 cm.
490 0# - SERIES STATEMENT
Series statement Cambridge international examinations
650 #0 - SUBJECT ADDED ENTRY--TOPICAL TERM
Topical term or geographic name entry element English language
Form subdivision Textbooks for foreign speakers.
650 #0 - SUBJECT ADDED ENTRY--TOPICAL TERM
Topical term or geographic name entry element English language
General subdivision Examinations
Form subdivision Study guides.
650 #0 - SUBJECT ADDED ENTRY--TOPICAL TERM
Topical term or geographic name entry element International General Certificate of Secondary Education.
710 2# - ADDED ENTRY--CORPORATE NAME
Corporate name or jurisdiction name as entry element University of Cambridge.
Subordinate unit Local Examinations Syndicate.
-- International Examinations.
942 ## - ADDED ENTRY ELEMENTS (KOHA)
Source of classification or shelving scheme
Koha item type Teaching Resources
Holdings
Withdrawn status Lost status Source of classification or shelving scheme Damaged status Not for loan Collection code Permanent Location Current Location Shelving location Date acquired Full call number Barcode Date last seen Price effective from Koha item type
          Teaching Resources KH8 Senior School Library KH8 Senior School Library Staff Office 2023-11-07 428.24 COX TRKHSL004985 2023-11-07 2023-11-07 Teaching Resources

Powered By KH8 IT Dept